banner koha

Efeito dos produtos utilizados na quebra de dormencia em macieira sobre ovos de inverno do acaro vermelho Europeu Panonychus ulmi (Koch)[Santa Catarina, Brasil] (Registro n. 318129)

MARC details
000 -LÍDER
campo de controle de tamanho fixo 01398naa a22003497a 4500
001 - NÚMERO DE CONTROLE
campo de controle BR8702346
003 - IDENTIFICADOR DO NÚMERO DE CONTROLE
campo de controle BR-BrBNA
005 - DATA E HORÁRIO DA ÚLTIMA TRANSAÇÃO
campo de controle 20240918175801.0
007 - CAMPO FIXO DE DESCRIÇÃO FÍSICA--INFORMAÇÃO GERAL
campo de controle de tamanho fixo ta
008 - CAMPO DE DADOS FIXOS--INFORMAÇÃO GERAL
campo de controle de tamanho fixo 230509b bl.||||| |||| 00| 0 por d
040 ## - FONTE DA CATALOGAÇÃO
Instituição da catalogação original BR-BrBNA
Idioma da catalogação por
Instituição que transcreveu o registro Biblioteca Nacional de Agricultura
041 ## - CÓDIGO DE IDIOMA
Código do idioma do texto/trilha sonora ou título diferente (Pt)
072 ## - CÓDIGO DE CATEGORIA DE ASSUNTO
Código de Categoria de Assunto H10
Código do objeto 0710
-- 4030
-- G514
090 ## - NÚMERO DE CHAMADA LOCAL
Número de chamada H10 BR8702346
100 1# - ENTRADA PRINCIPAL--NOME PESSOAL
Nome pessoal Orth, A.I.
100 1# - ENTRADA PRINCIPAL--NOME PESSOAL
Nome pessoal Reis Filho, W.
100 1# - ENTRADA PRINCIPAL--NOME PESSOAL
Nome pessoal Petri, J.L.
100 1# - ENTRADA PRINCIPAL--NOME PESSOAL
Nome pessoal Melzer, R.
110 1# - ENTRADA PRINCIPAL--NOME CORPORATIVO
Nome corporativo ou nome da jurisdição Empresa Catarinense de Pesquisa Agropecuaria S.A., Cacador, SC (Brasil). Estacao Experimental de Cacador
9 (RLIN) 3962
111 1# - ENTRADA PRINCIPAL--NOME DO EVENTO
Nome do evento ou lugar 8. Congresso Brasileiro de Fruticultura
Local do evento Brasilia, DF (Brazil)
Data do evento ou assinatura do tratado 26-31 Jan 1986
245 1# - TÍTULO
Título Efeito dos produtos utilizados na quebra de dormencia em macieira sobre ovos de inverno do acaro vermelho Europeu Panonychus ulmi (Koch)[Santa Catarina, Brasil]
260 3# - PUBLICAÇÃO, DISTRIBUIÇÃO, ETC.
Local de publicação, distribuição, etc. Brasilia, DF (Brasil):
Data da publicação, distribuição, etc. 1986.
500 ## - NOTA GERAL
Nota geral Programa e resumos do 8. Congresso Brasileiro de Fruticultura<br/>Brasilia, DF (Brasil): 1986. p. 53-54<br/>(BR8702346-AM)H10<br/>
650 ## - ASSUNTO--TERMO TÓPICO
Cabeçalho tópico ou nome geográfico MACA
650 ## - ASSUNTO--TERMO TÓPICO
Cabeçalho tópico ou nome geográfico QUEBRA DA DORMENCIA
650 ## - ASSUNTO--TERMO TÓPICO
Cabeçalho tópico ou nome geográfico ACARO VERMELHO
650 ## - ASSUNTO--TERMO TÓPICO
Cabeçalho tópico ou nome geográfico CONTROLE QUIMICO
650 ## - ASSUNTO--TERMO TÓPICO
Cabeçalho tópico ou nome geográfico SANTA CATARINA
773 0# - ENTRADA ANALÍTICA
Título Programa e resumos do 8. Congresso Brasileiro de Fruticultura
Número de controle do registro H10 BR8702346
Partes relacionadas Brasilia, DF (Brasil), 1986. p. 53-54
909 ## -
-- 202404
-- Lucia
-- 55
-- Lucia Elande
942 ## - ELEMENTOS DE ENTRADA ADICIONADOS (KOHA)
Tipo de material Koha Capítulo-Livro
Fonte da classificação ou esquema de arquivamento na estante Classificação AGRIS
Exemplares
Situação do descarte Fonte da classificação ou esquema de arquivamento na estante Situação física Não pode ser emprestado Coleção Biblioteca de origem Biblioteca atual Localização na estante Total de empréstimos Número de telefone completo Data de último acesso Número do exemplar Tipo de material Koha Situação das perdas Data de aquisição Fonte de aquisição
  Classificação AGRIS       Biblioteca Nacional de Agricultura - Binagri Biblioteca Nacional de Agricultura - Binagri Agrobase - Acervo Geral   F01 BR8702344 20/05/2024 01 Capítulo-Livro   2024-04-11 Portaria Interministerial nº 164/94

BINAGRI

Telefone: (61)3218-2567/2388/3357/2097 - binagri@agro.gov.br

Ministério da Agricultura e Pecuária , Esplanada dos Ministérios, Bloco D, Anexo B, Brasília/DF, CEP: 70.043-900